[Event "Landesklasse West 2015/2016"]
[Site "?"]
[Date "2016.02.14"]
[Round "6"]
[White "Zentgraf, Torsten"]
[Black "Mann, Wolfgang"]
[Result "0-1"]
[WhiteElo "1651"]
[BlackElo "1568"]
[PlyCount "68"]
[EventDate "2016.??.??"]
[WhiteTeam "SG Trusetal 92"]
[BlackTeam "SV Schmalkalden 04"]

1. Nf3 Nf6 2. g3 d6 3. Bg2 e5 4. d3 g6 5. e4 Bg7 6. Be3 O-O 7. Nc3 Ng4 8. Qd2
Nxe3 9. fxe3 c6 10. O-O Bh6 11. Rae1 f5 12. exf5 Bxf5 13. Nh4 Be6 14. Rxf8+
Qxf8 15. Rf1 Qe7 16. Qe2 Nd7 17. Bf3 Qg5 18. Ng2 d5 19. g4 Qe7 20. a3 b5 21.
Nd1 a5 22. h4 g5 23. hxg5 Qxg5 24. Nf2 Nf6 25. Kh2 e4 26. dxe4 Qe5+ 27. Nf4
dxe4 28. Bg2 Bc4 29. Qd2 Bxf1 30. Bxf1 Nd5 31. N2h3 Rf8 32. Kg3 Qxb2 33. g5 Bg7
34. Be2 Bc3 0-1

[Event "Landesklasse West 2015/2016"]
[Site "?"]
[Date "2016.02.14"]
[Round "6"]
[White "Schorch, Rüdiger"]
[Black "Gast, Rainer"]
[Result "1/2-1/2"]
[WhiteElo "1945"]
[BlackElo "1839"]
[PlyCount "43"]
[EventDate "2016.??.??"]
[WhiteTeam "SV Ammern"]
[BlackTeam "SV Breitenworbis"]

1. c4 e5 2. Nc3 Nf6 3. Nf3 Nc6 4. g3 Bb4 5. Bg2 O-O 6. O-O e4 7. Ne1 Re8 8. Nc2
Bxc3 9. dxc3 d6 10. Bg5 h6 11. Bxf6 Qxf6 12. Ne3 Qd8 13. Qc2 f5 14. Rad1 Be6
15. Qd2 Ne5 16. b3 Qe7 17. Nd5 Qf7 18. f3 Bxd5 19. cxd5 exf3 20. exf3 a5 21.
Rfe1 Nd7 22. Qd4 1/2-1/2

[Event "Landesklasse West 2015/2016"]
[Site "?"]
[Date "2016.02.14"]
[Round "6"]
[White "Bötticher, Heinz-Wilfried"]
[Black "Wegerich, Michael"]
[Result "0-1"]
[WhiteElo "1819"]
[BlackElo "1950"]
[PlyCount "74"]
[EventDate "2016.??.??"]
[WhiteTeam "SV Breitenworbis"]
[BlackTeam "SV Ammern"]

1. d4 Nf6 2. c4 e6 3. Nf3 b6 4. Nc3 Bb7 5. e3 Be7 6. Bd3 d6 7. O-O Nbd7 8. e4
O-O 9. Re1 e5 10. d5 Nc5 11. Be3 Nxd3 12. Qxd3 Bc8 13. h3 Ne8 14. g4 g6 15. Bh6
Ng7 16. Kh2 f6 17. Rg1 Bd7 18. Rac1 Rf7 19. Rg2 Bf8 20. b4 Ne8 21. Qe3 Qe7 22.
Ne2 Bxh6 23. Qxh6 Qf8 24. Qxf8+ Kxf8 25. Nh4 c6 26. Ng3 Rc8 27. f3 cxd5 28.
exd5 Bb5 29. c5 dxc5 30. bxc5 Rd7 31. Rb2 Ba6 32. c6 Rxd5 33. Ne4 Ke7 34. Ng2
f5 35. Ne3 Rd3 36. Nc3 Ke6 37. gxf5+ gxf5 0-1

[Event "Landesklasse West 2015/2016"]
[Site "?"]
[Date "2016.02.14"]
[Round "6"]
[White "Kampfhenkel, Ulrich"]
[Black "Hellrung, Bernhard"]
[Result "1/2-1/2"]
[WhiteElo "1862"]
[BlackElo "1865"]
[PlyCount "50"]
[EventDate "2016.??.??"]
[WhiteTeam "SV Ammern"]
[BlackTeam "SV Breitenworbis"]

1. e4 d5 2. exd5 Qxd5 3. Nc3 Qd6 4. d4 Nf6 5. Bc4 c6 6. Nge2 Bg4 7. f3 Bf5 8.
Bf4 Qb4 9. Bb3 e6 10. O-O Na6 11. a3 Qb6 12. Ng3 Bg6 13. Na4 Qd8 14. Re1 Be7
15. Qe2 Nd5 16. Bd2 b5 17. Nc3 Nac7 18. Nce4 O-O 19. Ba5 Qc8 20. Nc5 Bh4 21.
Rf1 Nf4 22. Qe5 Ncd5 23. Bxd5 Nxd5 24. c3 Bf6 25. Qe2 Nf4 1/2-1/2

[Event "Landesklasse West 2015/2016"]
[Site "?"]
[Date "2016.02.14"]
[Round "6"]
[White "Petiko, Jakob"]
[Black "Kurze, Christoph"]
[Result "1/2-1/2"]
[WhiteElo "1920"]
[BlackElo "1851"]
[PlyCount "85"]
[EventDate "2016.??.??"]
[WhiteTeam "SV Breitenworbis"]
[BlackTeam "SV Ammern"]

1. e4 c5 2. Nc3 Nc6 3. g3 g6 4. Bg2 Bg7 5. d3 d6 6. Be3 Nf6 7. h3 Qb6 8. Rb1
Qa5 9. Nge2 e5 10. O-O Nd4 11. f4 O-O 12. fxe5 dxe5 13. Bg5 Nh5 14. g4 Nxe2+
15. Nxe2 Nf4 16. Nxf4 exf4 17. a3 c4 18. Bxf4 cxd3 19. Qxd3 Rd8 20. Qe2 Be6 21.
c3 Rac8 22. Qe3 Qa4 23. Bg5 Rd7 24. e5 b6 25. Bf6 Bf8 26. Kh1 Qb3 27. Be4 Bc5
28. Qf3 Bf8 29. Qg2 Bh6 30. g5 Bf8 31. h4 Qa4 32. h5 Rd2 33. hxg6 fxg6 34. Qf3
Qc4 35. Rfd1 Rf2 36. Qd3 Qxd3 37. Rxd3 Kf7 38. Kg1 Re2 39. Bf3 Rc2 40. Bd1 Bc5+
41. Kh1 Rf2 42. Bf3 Bf5 43. Rbd1 1/2-1/2

[Event "Landesklasse West 2015/2016"]
[Site "?"]
[Date "2016.02.14"]
[Round "6"]
[White "Breuer, Harald"]
[Black "Vergin, Marcel"]
[Result "1/2-1/2"]
[WhiteElo "1868"]
[BlackElo "1811"]
[PlyCount "61"]
[EventDate "2016.??.??"]
[WhiteTeam "SV Ammern"]
[BlackTeam "SV Breitenworbis"]

1. e4 c5 2. c3 a6 3. d4 cxd4 4. cxd4 e6 5. Nc3 d6 6. Nf3 Nc6 7. Be2 Nf6 8. O-O
Be7 9. Be3 O-O 10. Rc1 d5 11. e5 Ne8 12. Bd3 Bd7 13. Bb1 f5 14. exf6 Nxf6 15.
Ne5 Bd6 16. f4 Ne7 17. g4 Be8 18. Qf3 Ng6 19. Qh3 Qb6 20. g5 Bxe5 21. dxe5 d4
22. exf6 dxe3 23. Rce1 gxf6 24. Qxe3 Qxe3+ 25. Rxe3 fxg5 26. fxg5 Nf4 27. Ne4
Nd5 28. Rxf8+ Kxf8 29. Rf3+ Kg7 30. Nf6 Bg6 31. Bxg6 1/2-1/2

[Event "Landesklasse West 2015/2016"]
[Site "?"]
[Date "2016.02.14"]
[Round "6"]
[White "Leibeling, Lucian"]
[Black "Salaske, Peter"]
[Result "1/2-1/2"]
[WhiteElo "1830"]
[BlackElo "1830"]
[PlyCount "20"]
[EventDate "2016.??.??"]
[WhiteTeam "SV Breitenworbis"]
[BlackTeam "SV Ammern"]

1. c4 e5 2. Nc3 Nf6 3. g3 Nc6 4. Bg2 Bb4 5. b3 Bxc3 6. dxc3 h6 7. Nf3 d6 8. O-O
O-O 9. h3 Be6 10. Kh2 Qd7 1/2-1/2

[Event "Landesklasse West 2015/2016"]
[Site "?"]
[Date "2016.02.14"]
[Round "6"]
[White "Klein, Matthias"]
[Black "Biel, Peter"]
[Result "1/2-1/2"]
[WhiteElo "1731"]
[BlackElo "1666"]
[PlyCount "26"]
[EventDate "2016.??.??"]
[WhiteTeam "SV Ammern"]
[BlackTeam "SV Breitenworbis"]

1. Nf3 Nc6 2. d4 d5 3. g3 e6 4. Bg2 Bd6 5. O-O Nf6 6. c3 O-O 7. Qc2 Bd7 8. Re1
e5 9. dxe5 Nxe5 10. Nbd2 Nxf3+ 11. Nxf3 c6 12. Bg5 Re8 13. Rad1 Be7 1/2-1/2

[Event "Landesklasse West 2015/2016"]
[Site "?"]
[Date "2016.02.14"]
[Round "6"]
[White "Geißhirt, Marco"]
[Black "Minor, Viatcheslav"]
[Result "0-1"]
[WhiteElo "1943"]
[BlackElo "1914"]
[PlyCount "74"]
[EventDate "2016.??.??"]
[WhiteTeam "SG Barchfeld/Breitungen"]
[BlackTeam "SV Wartburgstadt Eisenach"]

1. e4 e6 2. Nf3 d5 3. e5 c5 4. b4 cxb4 5. a3 Nc6 6. axb4 Bxb4 7. c3 Be7 8. d4
Bd7 9. Bd3 Qc7 10. O-O f5 11. Na3 Na5 12. Nb5 Bxb5 13. Bxb5+ Kf7 14. Ng5+ Bxg5
15. Bxg5 h6 16. Qh5+ g6 17. Qh4 a6 18. c4 axb5 19. cxd5 exd5 20. e6+ Kg7 21.
Bf4 Qe7 22. Qxe7+ Nxe7 23. Be5+ Kh7 24. Bxh8 Kxh8 25. Rfb1 Nec6 26. Rxb5 Re8
27. Rxd5 Nb3 28. Re1 Nbxd4 29. Rd6 b5 30. f3 Kg7 31. Kf2 b4 32. Rc1 b3 33. Ke3
Kf6 34. Rxd4 Rxe6+ 35. Kd3 Nxd4 36. Kxd4 b2 37. Rb1 Re2 0-1

[Event "Landesklasse West 2015/2016"]
[Site "?"]
[Date "2016.02.14"]
[Round "6"]
[White "Neef, Michael"]
[Black "Rommel, Uwe"]
[Result "1/2-1/2"]
[WhiteElo "1866"]
[BlackElo "1869"]
[PlyCount "28"]
[EventDate "2016.??.??"]
[WhiteTeam "SV Wartburgstadt Eisenach"]
[BlackTeam "SG Barchfeld/Breitungen"]

1. d4 g6 2. c4 Bg7 3. Nf3 d6 4. Nc3 Nd7 5. g3 Ngf6 6. Bg2 O-O 7. O-O Nb6 8. b3
e5 9. dxe5 Ng4 10. Bb2 Nxe5 11. Nxe5 Bxe5 12. Qc2 Bf5 13. e4 Bg4 14. Nd5 Nxd5
1/2-1/2

[Event "Landesklasse West 2015/2016"]
[Site "?"]
[Date "2016.02.14"]
[Round "6"]
[White "Reum, Lutz"]
[Black "Königsdörfer, Gerhard"]
[Result "0-1"]
[WhiteElo "1796"]
[BlackElo "1897"]
[PlyCount "54"]
[EventDate "2016.??.??"]
[WhiteTeam "SG Barchfeld/Breitungen"]
[BlackTeam "SV Wartburgstadt Eisenach"]

1. c4 e5 2. Nc3 Nc6 3. g3 Bc5 4. Bg2 d6 5. e3 Nge7 6. h3 Be6 7. d3 a6 8. a3 Qc8
9. Nge2 Ba7 10. b3 Nf5 11. O-O O-O 12. Kh2 Nce7 13. d4 Ng6 14. Bb2 Rb8 15. Rc1
Qe8 16. Ne4 Qe7 17. d5 Bd7 18. Qd3 Nh6 19. f4 Nf5 20. Rf3 Rbe8 21. fxe5 Nxe5
22. Bxe5 Qxe5 23. Rf4 Bxe3 24. Rxf5 Bxf5 25. Qxe3 Bxe4 26. Bf1 Qb2 27. b4 Bxd5
0-1

[Event "Landesklasse West 2015/2016"]
[Site "?"]
[Date "2016.02.14"]
[Round "6"]
[White "Graupner, Markus"]
[Black "Crivellaro, Heiko"]
[Result "0-1"]
[WhiteElo "1700"]
[BlackElo "1792"]
[PlyCount "78"]
[EventDate "2016.??.??"]
[WhiteTeam "SV Wartburgstadt Eisenach"]
[BlackTeam "SG Barchfeld/Breitungen"]

1. Nf3 f5 2. d4 e6 3. c4 Nf6 4. Bg5 Be7 5. e3 O-O 6. Bd3 b6 7. O-O Bb7 8. Nc3
Qe8 9. d5 exd5 10. Bxf6 Bxf6 11. Nxd5 Bxd5 12. cxd5 Bxb2 13. Rb1 Be5 14. Qc2 g6
15. Rfc1 c5 16. dxc6 Nxc6 17. Bc4+ Kg7 18. Bd5 Rc8 19. Qa4 Bb8 20. g3 h6 21.
Nd4 Rf6 22. Nb5 g5 23. Re1 Qe7 24. Qc4 Qf8 25. f4 Ne7 26. Qd3 a6 27. Bb7 axb5
28. Bxc8 Qxc8 29. Qxb5 Qc6 30. Qe2 Bd6 31. Red1 Bc5 32. Rd3 Kg6 33. Rf1 Re6 34.
Qf3 g4 35. Qxc6 dxc6 36. Kf2 Nd5 37. Re1 h5 38. a4 Re4 39. Ke2 Rxa4 0-1

[Event "Landesklasse West 2015/2016"]
[Site "?"]
[Date "2016.02.14"]
[Round "6"]
[White "Schmidt, Kevin"]
[Black "Anschütz, Bernd"]
[Result "0-1"]
[WhiteElo "1584"]
[BlackElo "1728"]
[PlyCount "124"]
[EventDate "2016.??.??"]
[WhiteTeam "SG Barchfeld/Breitungen"]
[BlackTeam "SV Wartburgstadt Eisenach"]

1. d4 d5 2. c4 dxc4 3. e4 e5 4. d5 f5 5. exf5 Bxf5 6. Bxc4 Nf6 7. a3 Bd6 8. Nf3
a6 9. O-O h6 10. Re1 Nbd7 11. Nd4 Bxb1 12. Rxb1 Kf7 13. Ne6 Qe7 14. Nxc7 Rac8
15. Nxa6 Rxc4 16. Qb3 Rd4 17. Be3 Rxd5 18. Qxb7 Nc5 19. Qxe7+ Bxe7 20. Nb4 Rd7
21. Nc6 Nd3 22. Red1 Rc8 23. Rxd3 Rxc6 24. Rxd7 Nxd7 25. b4 Rc2 26. Ra1 Ke6 27.
b5 Kd6 28. a4 Rb2 29. g3 Kc7 30. Rc1+ Kb7 31. Rd1 Nb8 32. b6 Ra2 33. Rc1 Nc6
34. Rd1 Rxa4 35. Rd7+ Kb8 36. Rc7 Rc4 37. f4 Bf6 38. fxe5 Nxe5 39. Ra7 Rc6 40.
Ra6 Nd7 41. Kg2 Be5 42. Ra5 Bd6 43. Ra6 g5 44. h4 Be7 45. Ra7 Kc8 46. Ra8+ Nb8
47. Ra7 Bd8 48. Bd4 Bxb6 49. Bxb6 Rxb6 50. hxg5 hxg5 51. Rg7 Rb5 52. Kh3 Nd7
53. Rg8+ Kc7 54. Rg7 Kd6 55. Rg6+ Ke7 56. Rg7+ Ke6 57. Rh7 Nf6 58. Ra7 Kf5 59.
Ra4 Re5 60. Rb4 Re2 61. Rb5+ Kg6 62. Rb6 g4+ 0-1

[Event "Landesklasse West 2015/2016"]
[Site "?"]
[Date "2016.02.14"]
[Round "6"]
[White "Ulbricht, Olaf"]
[Black "Reum, Jonathan"]
[Result "0-1"]
[WhiteElo "1571"]
[BlackElo "1628"]
[PlyCount "161"]
[EventDate "2016.??.??"]
[WhiteTeam "SV Wartburgstadt Eisenach"]
[BlackTeam "SG Barchfeld/Breitungen"]

1. e4 c5 2. Nf3 Nc6 3. d4 d6 4. d5 Nb8 5. c4 g6 6. Bd2 Nf6 7. Bc3 Bg7 8. Nbd2
O-O 9. Bd3 Na6 10. a3 Nc7 11. h3 Bd7 12. Qc2 a6 13. g4 b5 14. b3 a5 15. e5 dxe5
16. Nxe5 b4 17. axb4 axb4 18. Rxa8 Qxa8 19. Nxd7 Nxd7 20. Bxg7 Kxg7 21. Qb2+ f6
22. Be4 Qa6 23. O-O Qd6 24. Bg2 Ne5 25. Ne4 Qb6 26. f4 Nd7 27. h4 Ne8 28. Ng5
Nc7 29. Re1 Qd6 30. Nh3 Kg8 31. Qe2 Re8 32. Qf3 Rf8 33. Qe2 Re8 34. Qf3 Nf8 35.
Kh1 Na8 36. h5 Nb6 37. hxg6 Nxg6 38. Re6 Qc7 39. Qe4 Nc8 40. Kg1 Nd6 41. Qe1
Ra8 42. f5 Ne5 43. Rxe5 fxe5 44. Qxe5 Ne8 45. d6 Qxd6 46. Bd5+ e6 47. Bxe6+ Kf8
48. Qh8+ Ke7 49. Nf2 Qg3+ 50. Kf1 Kd8 51. Qb2 Ra3 52. Qd2+ Qd6 53. Qb2 Kc7 54.
Kg2 Qd4 55. Qxd4 cxd4 56. c5 Kc6 57. Nd3 Nc7 58. Bc4 Nd5 59. Kf3 Nf6 60. g5 Nd7
61. Ke4 Nxc5+ 62. Nxc5 Kxc5 63. g6 hxg6 64. fxg6 Ra7 65. Bf7 Re7+ 66. Kd3 Re3+
67. Kd2 Rg3 68. Kc2 Kd6 69. Kd2 Ke5 70. Ke2 Ke4 71. Kf2 Rg5 72. Ke2 Rg2+ 73.
Kd1 Ke3 74. Bd5 Rg1+ 75. Kc2 d3+ 76. Kb2 d2 77. g7 Rxg7 78. Kc2 Rg1 79. Kb2
d1=Q 80. Be4 Qa1+ 81. Kc2 {ZÜ} 0-1

[Event "Landesklasse West 2015/2016"]
[Site "?"]
[Date "2016.02.14"]
[Round "6"]
[White "Abe, Rico"]
[Black "Becker, Walter"]
[Result "1-0"]
[WhiteElo "1651"]
[BlackElo "1475"]
[PlyCount "47"]
[EventDate "2016.??.??"]
[WhiteTeam "SG Barchfeld/Breitungen"]
[BlackTeam "SV Wartburgstadt Eisenach"]

1. e4 g6 2. d4 Bg7 3. f4 f6 4. Nf3 d6 5. Bc4 Nc6 6. Nc3 Na5 7. Bd3 e6 8. Be3
Ne7 9. Qd2 b6 10. O-O-O O-O 11. h4 c5 12. h5 cxd4 13. Nxd4 Nac6 14. Nxc6 Nxc6
15. hxg6 hxg6 16. Bb5 Ne7 17. Qxd6 Qxd6 18. Rxd6 f5 19. e5 Kf7 20. Rhd1 g5 21.
g3 Bb7 22. Bc4 Bc8 23. Nb5 a6 24. Nc7 1-0

[Event "Landesklasse West 2015/2016"]
[Site "?"]
[Date "2016.02.14"]
[Round "6"]
[White "Mekus, Stephanie"]
[Black "Heß, Wolfgang"]
[Result "1/2-1/2"]
[WhiteElo "1541"]
[BlackElo "1717"]
[PlyCount "53"]
[EventDate "2016.??.??"]
[WhiteTeam "SV Wartburgstadt Eisenach"]
[BlackTeam "SG Barchfeld/Breitungen"]

1. d4 d5 2. Nf3 Nf6 3. Bf4 c6 4. h3 Qb6 5. b3 Bf5 6. e3 e6 7. Be2 Qa5+ 8. Nbd2
Ne4 9. O-O Nc3 10. Qe1 Nxe2+ 11. Qxe2 Bxc2 12. Rfc1 Bg6 13. Ne5 Nd7 14. Nxg6
hxg6 15. e4 dxe4 16. Nxe4 Qd5 17. Qe3 Nf6 18. Nxf6+ gxf6 19. Rd1 Bd6 20. Bh6
Rh7 21. Bf4 Rd8 22. Rac1 Rh4 23. Bxd6 Qxd6 24. d5 cxd5 25. Qxa7 Qd7 26. Rc2 Rc8
27. Rdc1 1/2-1/2

[Event "Landesklasse West 2015/2016"]
[Site "?"]
[Date "2016.02.14"]
[Round "6"]
[White "Essegern, Kurt"]
[Black "Kuntze, Andreas"]
[Result "1/2-1/2"]
[WhiteElo "1965"]
[BlackElo "2006"]
[PlyCount "37"]
[EventDate "2016.??.??"]
[WhiteTeam "Randspringer Bad Salzungen"]
[BlackTeam "Schachclub Rochade Leinefelde"]

1. e4 e6 2. d4 d5 3. Nd2 Nf6 4. e5 Nfd7 5. Bd3 c5 6. c3 b5 7. Ne2 b4 8. O-O Qb6
9. f4 Nc6 10. Nf3 g6 11. Kh1 Ba6 12. Bxa6 Qxa6 13. Be3 Be7 14. g4 bxc3 15. bxc3
cxd4 16. cxd4 Nb6 17. f5 Qa4 18. fxe6 fxe6 19. Qxa4 1/2-1/2

[Event "Landesklasse West 2015/2016"]
[Site "?"]
[Date "2016.02.14"]
[Round "6"]
[White "Kachel, Alfred"]
[Black "Hübschmann, Holger"]
[Result "1-0"]
[WhiteElo "1953"]
[BlackElo "1903"]
[PlyCount "81"]
[EventDate "2016.??.??"]
[WhiteTeam "Schachclub Rochade Leinefelde"]
[BlackTeam "Randspringer Bad Salzungen"]

1. d4 d5 2. c4 e6 3. Nc3 Nf6 4. cxd5 exd5 5. Bg5 Be7 6. e3 c6 7. Bd3 h6 8. Bf4
Nbd7 9. Qc2 O-O 10. h3 Re8 11. Nf3 Nf8 12. O-O-O Bd6 13. Bxd6 Qxd6 14. Kb1 Bd7
15. Ne5 Rac8 16. g4 c5 17. f4 cxd4 18. exd4 Ne6 19. Qf2 Re7 20. f5 Ng5 21. h4
Nge4 22. Bxe4 Rxc3 23. bxc3 Nxe4 24. Qb2 Ba4 25. Rc1 Rc7 26. c4 f6 27. c5 Qa6
28. Ng6 Bb5 29. Nf4 Bc4 30. Ka1 b6 31. Ne6 Rc8 32. Rxc4 dxc4 33. Re1 c3 34. Qb3
Nd2 35. Qxc3 Nc4 36. Rc1 b5 37. g5 fxg5 38. hxg5 hxg5 39. Rg1 Re8 40. d5 Rxe6
41. fxe6 1-0

[Event "Landesklasse West 2015/2016"]
[Site "?"]
[Date "2016.02.14"]
[Round "6"]
[White "Essegern, Uwe"]
[Black "Frank, Thomas"]
[Result "1/2-1/2"]
[WhiteElo "1850"]
[BlackElo "1883"]
[PlyCount "137"]
[EventDate "2016.??.??"]
[WhiteTeam "Randspringer Bad Salzungen"]
[BlackTeam "Schachclub Rochade Leinefelde"]

1. e4 c5 2. Nf3 e6 3. d4 cxd4 4. Nxd4 a6 5. Be2 Qc7 6. O-O b5 7. a3 Bb7 8. Nc3
Nc6 9. Be3 Nf6 10. f4 Na5 11. e5 Nd5 12. Nxd5 Bxd5 13. Bf3 Nc4 14. Qc1 Bxf3 15.
Rxf3 Bc5 16. Bf2 d6 17. exd6 Qxd6 18. c3 O-O 19. Qc2 g6 20. a4 b4 21. cxb4 Bxd4
22. Qxc4 Bxf2+ 23. Rxf2 Rfc8 24. Qb3 Rcb8 25. Rd1 Qxb4 26. Qxb4 Rxb4 27. Ra1
Rab8 28. Ra2 Rd8 29. g3 Rdd4 30. Rc2 Rxa4 31. Rxa4 Rxa4 32. Rc6 Ra2 33. Rb6 a5
34. Kf2 a4 35. Ke3 a3 36. bxa3 Rxa3+ 37. Kf2 Ra2+ 38. Kg1 Kg7 39. Kh1 h6 40. h4
Kf6 41. Rb5 Re2 42. Kg1 h5 43. Kf1 Rd2 44. Rb7 Rd5 45. Kf2 e5 46. fxe5+ Rxe5
47. Kf3 Ke6 48. Kf4 Rf5+ 49. Ke4 Ra5 50. Rb6+ Ke7 51. Rb7+ Kf6 52. Rb6+ Kg7 53.
Rb7 Ra6 54. Kf4 Rf6+ 55. Ke3 Rf5 56. Rb6 Kh6 57. Ra6 f6 58. Rb6 g5 59. hxg5+
Kxg5 60. Rb4 Ra5 61. Re4 Ra3+ 62. Kf2 f5 63. Rb4 Rd3 64. Ra4 Kf6 65. Rh4 Kg5
66. Ra4 Rd6 67. Kf3 Re6 68. Rb4 Re4 69. Rb8 1/2-1/2

[Event "Landesklasse West 2015/2016"]
[Site "?"]
[Date "2016.02.14"]
[Round "6"]
[White "Pfitzenreuter, Gerald"]
[Black "Schulz, Tilo"]
[Result "1/2-1/2"]
[WhiteElo "1865"]
[BlackElo "1870"]
[PlyCount "78"]
[EventDate "2016.??.??"]
[WhiteTeam "Schachclub Rochade Leinefelde"]
[BlackTeam "Randspringer Bad Salzungen"]

1. d4 Nf6 2. c4 e6 3. Nc3 c5 4. d5 exd5 5. cxd5 d6 6. e4 g6 7. f3 Bg7 8. Be3 a6
9. a4 Nbd7 10. Nh3 O-O 11. Nf2 Re8 12. Be2 Rb8 13. O-O Nb6 14. Qd2 Nfd7 15. b3
Qe7 16. Rac1 Na8 17. Nd3 b5 18. axb5 axb5 19. b4 c4 20. Nb2 Nc7 21. Bd4 Ra8 22.
Ra1 Bb7 23. Bxg7 Kxg7 24. Qd4+ Qe5 25. Qxe5+ Nxe5 26. Rfb1 Nd7 27. Kf2 Nf6 28.
Nbd1 Reb8 29. Ne3 Bc8 30. Nc2 Bd7 31. Ke3 h5 32. f4 Kf8 33. h3 Ke7 34. Kd4 Nfe8
35. e5 Bf5 36. Bd1 Bd3 37. Rxa8 Rxa8 38. Ra1 Rxa1 39. Nxa1 Ng7 1/2-1/2

[Event "Landesklasse West 2015/2016"]
[Site "?"]
[Date "2016.02.14"]
[Round "6"]
[White "Feldmann, Bernd"]
[Black "Seeboth, Paul"]
[Result "0-1"]
[WhiteElo "1852"]
[BlackElo "1807"]
[PlyCount "64"]
[EventDate "2016.??.??"]
[WhiteTeam "Randspringer Bad Salzungen"]
[BlackTeam "Schachclub Rochade Leinefelde"]

1. d4 Nf6 2. c4 e6 3. Nc3 d5 4. Nf3 Be7 5. Bg5 c6 6. e3 O-O 7. Bd3 Nbd7 8. O-O
b6 9. Rc1 Bb7 10. Re1 c5 11. cxd5 Nxd5 12. Bxe7 Qxe7 13. Be2 cxd4 14. Nxd4 Ne5
15. Nxd5 Bxd5 16. f4 Ng6 17. Bf3 Rfd8 18. Bxd5 Rxd5 19. Qf3 Qd7 20. Rc3 e5 21.
Nb3 exf4 22. exf4 Rd8 23. g3 a5 24. Ree3 Rd1+ 25. Kg2 Ne7 26. Kf2 Nf5 27. Re1
Rxe1 28. Kxe1 a4 29. Nc1 Qd2+ 30. Kf1 Qxh2 31. Qf2 Qh1+ 32. Ke2 Qd1# 0-1

[Event "Landesklasse West 2015/2016"]
[Site "?"]
[Date "2016.02.14"]
[Round "6"]
[White "Löffelholz, Christian"]
[Black "Roth, Ralf"]
[Result "0-1"]
[WhiteElo "1642"]
[BlackElo "1789"]
[PlyCount "78"]
[EventDate "2016.??.??"]
[WhiteTeam "Schachclub Rochade Leinefelde"]
[BlackTeam "Randspringer Bad Salzungen"]

1. e4 d6 2. d4 Nf6 3. Nc3 g6 4. Be2 Bg7 5. Be3 O-O 6. h3 c6 7. Qd2 b5 8. a3 e5
9. Nf3 Nbd7 10. O-O Qc7 11. Rad1 Nb6 12. dxe5 dxe5 13. Bc5 Re8 14. Bd6 Qb7 15.
Nxe5 Be6 16. b3 a5 17. f4 Rad8 18. Bf3 Nc8 19. Qe3 Rxd6 20. Rxd6 Nxd6 21. Qc5
Bf8 22. Qxc6 Qa7+ 23. Kh2 Rc8 24. Nxb5 Rxc6 25. Nxa7 Rxc2 26. Nac6 Ndxe4 27.
Nxa5 Nd2 28. Re1 Nxf3+ 29. Nxf3 Bd5 30. Rf1 Bxa3 31. Nc4 Bc1 32. Ne1 Re2 33. f5
Nh5 34. fxg6 hxg6 35. Nf3 Bf4+ 36. Kg1 Bg3 37. Ncd2 Nf4 38. b4 Rxg2+ 39. Kh1
Rxd2 0-1

[Event "Landesklasse West 2015/2016"]
[Site "?"]
[Date "2016.02.14"]
[Round "6"]
[White "Kunze, Heinz"]
[Black "Meysing, Gerhard"]
[Result "1-0"]
[WhiteElo "1661"]
[BlackElo "1487"]
[PlyCount "101"]
[EventDate "2016.??.??"]
[WhiteTeam "Randspringer Bad Salzungen"]
[BlackTeam "Schachclub Rochade Leinefelde"]

1. e4 e5 2. Nf3 Nc6 3. Bb5 d6 4. O-O Bd7 5. c3 Nf6 6. Re1 a6 7. Ba4 b5 8. Bb3
Na5 9. Bc2 Be7 10. d4 exd4 11. cxd4 O-O 12. Qd3 g6 13. Nc3 Nc6 14. a3 Re8 15.
h3 b4 16. Nd5 Nxd5 17. exd5 Bf5 18. Qd1 Bxc2 19. Qxc2 Nb8 20. axb4 Nd7 21. Bd2
Nb6 22. Qc6 Qd7 23. Rec1 Ra7 24. b5 Qxc6 25. dxc6 Rea8 26. bxa6 Rxa6 27. Rxa6
Rxa6 28. b4 Bf6 29. Be3 Ra4 30. Rb1 Nd5 31. b5 Rb4 32. Rxb4 Nxb4 33. Nd2 Kf8
34. Ne4 Bd8 35. Bd2 Nd5 36. Nc3 Nxc3 37. Bxc3 Ke7 38. d5 Ke8 39. f3 Be7 40. Bd4
Bd8 41. Kf2 f6 42. Ke3 Kf7 43. Kd3 g5 44. g4 Kg6 45. Kc4 h5 46. Kb4 hxg4 47.
hxg4 f5 48. Ka5 fxg4 49. fxg4 Kf7 50. b6 cxb6+ 51. Bxb6 1-0

[Event "Landesklasse West 2015/2016"]
[Site "?"]
[Date "2016.02.14"]
[Round "6"]
[White "Stöber, Guido"]
[Black "Mäurer, Michael"]
[Result "0-1"]
[WhiteElo "1318"]
[BlackElo "1525"]
[PlyCount "44"]
[EventDate "2016.??.??"]
[WhiteTeam "Schachclub Rochade Leinefelde"]
[BlackTeam "Randspringer Bad Salzungen"]

1. e4 d5 2. exd5 Qxd5 3. Nc3 Qd6 4. Nf3 Nf6 5. Be2 a6 6. d3 Bg4 7. O-O e6 8.
Ng5 Bxe2 9. Qxe2 Be7 10. Nge4 Qc6 11. Nxf6+ gxf6 12. Qe4 Qxe4 13. dxe4 Nd7 14.
Rd1 O-O-O 15. b3 Rhg8 16. Bb2 Rg4 17. f3 Rg6 18. Rd3 Rdg8 19. Rd2 Ne5 20. Kh1
Bc5 21. Rad1 Nxf3 22. Rd8+ Rxd8 0-1

[Event "Thüringenliga 2015/2016"]
[Site "?"]
[Date "2016.02.14"]
[Round "6"]
[White "Hoffmann, Tim"]
[Black "Pähtz, Thomas"]
[Result "1/2-1/2"]
[WhiteElo "2062"]
[BlackElo "2302"]
[PlyCount "43"]
[EventDate "2016.??.??"]
[WhiteTeam "ESV Gera"]
[BlackTeam "Ilmenauer SV"]

1. e4 e5 2. Nf3 Nc6 3. d4 exd4 4. Nxd4 Bc5 5. Nb3 Bb6 6. Nc3 Nge7 7. Qe2 O-O 8.
Be3 d6 9. O-O-O f5 10. f3 Kh8 11. Bg5 Qe8 12. Kb1 fxe4 13. Nxe4 a5 14. a3 a4
15. Nc1 Ra5 16. Bd2 Raf5 17. Nd3 Nd4 18. Qe1 Bd7 19. Nb4 Ndc6 20. Nd3 Nd4 21.
Nb4 Ndc6 22. Nd3 1/2-1/2

[Event "Thüringenliga 2015/2016"]
[Site "?"]
[Date "2016.02.14"]
[Round "6"]
[White "Zehnter, Sebastian"]
[Black "Puschendorf, Steffen"]
[Result "1-0"]
[WhiteElo "2196"]
[BlackElo "2086"]
[PlyCount "53"]
[EventDate "2016.??.??"]
[WhiteTeam "Ilmenauer SV"]
[BlackTeam "ESV Gera"]

1. d4 e6 2. c4 d5 3. Nf3 c6 4. g3 dxc4 5. a4 b5 6. Bg2 Bb7 7. Ne5 Qc8 8. O-O
Nd7 9. Nc3 Ngf6 10. Qc2 a6 11. e4 Nxe5 12. dxe5 Nd7 13. f4 Bc5+ 14. Kh1 Nb6 15.
f5 Bd4 16. Bf4 Qc7 17. Bg5 Bxe5 18. fxe6 f6 19. Be3 O-O 20. Qf2 Nc8 21. Bc5 Re8
22. Rad1 Bd6 23. e5 Bxc5 24. Qxc5 Qb6 25. Ne4 Rb8 26. exf6 Qxc5 27. f7+ 1-0

[Event "Thüringenliga 2015/2016"]
[Site "?"]
[Date "2016.02.14"]
[Round "6"]
[White "Gläßl, Matthias"]
[Black "Mehlhorn, Uwe"]
[Result "1-0"]
[WhiteElo "2024"]
[BlackElo "2097"]
[PlyCount "117"]
[EventDate "2016.??.??"]
[WhiteTeam "ESV Gera"]
[BlackTeam "Ilmenauer SV"]

1. e4 d6 2. d4 g6 3. Nc3 Bg7 4. Be3 a6 5. g4 b5 6. Bg2 Bb7 7. Qd2 Nd7 8. Nge2
Ngf6 9. f3 Nb6 10. b3 Nfd7 11. Bh6 Bxh6 12. Qxh6 e5 13. d5 Qe7 14. a4 b4 15.
Nd1 a5 16. Ne3 Ba6 17. Ng3 Qf8 18. Qh3 Qe7 19. Bf1 Qg5 20. Kf2 Bb7 21. Bb5 Rc8
22. Qf1 c6 23. dxc6 Bxc6 24. h4 Qd8 25. Rd1 Bxb5 26. Qxb5 Rc5 27. Qd3 d5 28.
exd5 Rc3 29. Qb5 Rc5 30. Qe2 Nf6 31. g5 Nh5 32. Ne4 Rc8 33. Qb5+ Kf8 34. d6 Nd7
35. Rd2 Nf4 36. Nf6 Nxf6 37. Qxe5 N4h5 38. gxf6 Qxf6 39. Ng4 Qxe5 40. Nxe5 Nf6
41. Nc4 Rc5 42. d7 Nxd7 43. Rxd7 Kg7 44. Rhd1 Rh5 45. R1d4 g5 46. Rg4 h6 47.
Nd6 Rf8 48. hxg5 hxg5 49. Ne4 Kg6 50. Rd6+ f6 51. Rg2 Rh4 52. Rxg5+ Kh7 53. Rg2
f5 54. Ng5+ Kh8 55. Kg3 Rh5 56. Kf4 Rh4+ 57. Ke5 Rh1 58. Rd7 Re1+ 59. Kf4 1-0